[Event "World School-ch U13"]
[Site "Rhodes"]
[Date "2023.04.16"]
[Round "3"]
[White "Aiten, Islam"]
[Black "Mamedov, Edgar"]
[Result "0-1"]
[WhiteElo "1649"]
[BlackElo "2248"]
[PlyCount "52"]
[EventDate "2023.04.14"]
[EventType "swiss"]
[EventRounds "9"]
[EventCountry "GRE"]
[SourceTitle "EXT 2024"]
[Source "ChessBase"]
[SourceDate "2023.10.10"]
[SourceVersion "1"]
[SourceVersionDate "2023.10.10"]
[SourceQuality "1"]

1. d4 d5 2. Nc3 Nf6 3. Bf4 c5 4. e4 Nxe4 5. Nxe4 dxe4 6. dxc5 Qa5+ 7. Qd2 Qxc5 8. Bxb8 Rxb8 9. 0-0-0 Bf5 10. Ne2 g6 11. Nd4 Bd7 12. Nb3 Qc7 13. Qd4 e5 14. Qxa7 Rc8 15. c3 Bh6+ 16. Kb1 0-0 17. Be2 Be6 18. Qa5 b6 19. Qb4 Rfe8 20. g4 Ra8 21. Bb5 Rec8 22. c4 Bxg4 23. Rde1 Bf5 24. Ka1 Qa7 25. a4 Bf8 26. Qd2 e3 0-1

[Event "Aktobe U14 op"]
[Site "Aqtobe"]
[Date "2022.06.18"]
[Round "6"]
[White "Tynyshtyk, Diana"]
[Black "Aiten, Islam"]
[Result "1/2-1/2"]
[WhiteElo "1312"]
[BlackElo "1468"]
[PlyCount "59"]
[EventDate "2022.06.14"]
[EventType "swiss"]
[EventRounds "9"]
[EventCountry "KAZ"]
[SourceTitle "EXT 2023"]
[Source "ChessBase"]
[SourceDate "2022.10.05"]
[SourceVersion "1"]
[SourceVersionDate "2022.10.05"]
[SourceQuality "1"]

1. e4 e5 2. Nf3 Nc6 3. Bc4 Nf6 4. d4 exd4 5. 0-0 Nxe4 6. Re1 d5 7. Bxd5 Qxd5 8. Nc3 Qh5 9. Nxe4 Be6 10. Bg5 Bd6 11. Nxd6+ cxd6 12. Bf4 0-0 13. Nxd4 Qxd1 14. Raxd1 Nxd4 15. Rxd4 Rfc8 16. c3 d5 17. f3 Rc4 18. Red1 Rac8 19. Be3 a6 20. Rxc4 Rxc4 21. Bd4 f6 22. Kf2 Kf7 23. Re1 b5 24. b4 h6 25. h3 Rc8 26. Ra1 Bd7 27. Bc5 a5 28. a3 a4 29. Rd1 Be6 30. Re1 1/2-1/2

[Event "KAZ-ch U12"]
[Site "Ak Bulak"]
[Date "2022.03.25"]
[Round "8"]
[White "Aiten, Islam"]
[Black "Mamedov, Edgar"]
[Result "0-1"]
[WhiteElo "1503"]
[BlackElo "2086"]
[PlyCount "80"]
[EventDate "2022.03.20"]
[EventType "swiss"]
[EventRounds "9"]
[EventCountry "KAZ"]
[SourceTitle "EXT 2023"]
[Source "ChessBase"]
[SourceDate "2022.10.05"]
[SourceVersion "1"]
[SourceVersionDate "2022.10.05"]
[SourceQuality "1"]

1. e4 c5 2. Nf3 d6 3. d4 cxd4 4. Nxd4 Nf6 5. Nc3 a6 6. a3 b5 7. Be2 Bb7 8. Bf3 Nbd7 9. 0-0 e6 10. Re1 Be7 11. g3 0-0 12. b3 Rc8 13. Bb2 Nc5 14. Bg2 d5 15. exd5 Nxd5 16. Ne4 Qb6 17. Nxc5 Rxc5 18. b4 Rc4 19. Bxd5 Bxd5 20. Nf5 exf5 21. Qxd5 Bf6 22. Bxf6 Qxf6 23. Qd3 g6 24. Ra2 Rd8 25. Qe2 Re4 26. Qf1 Qc6 27. Rd1 Rde8 28. h3 f4 29. g4 f3 30. Qd3 Re1+ 31. Kh2 Rxd1 32. Qxd1 Qc7+ 33. Kg1 Qf4 34. Ra1 h5 35. Qd7 Re6 36. Qd8+ Kh7 37. Qf8 hxg4 38. h4 g3 39. Rf1 gxf2+ 40. Rxf2 Re1+ 0-1